000 00728nam a2200265Ia 4500
003 OSt
005 20220918181838.0
006 a|||||r|||| 00| 0
007 ta
008 220917b |||||||| |||| 00| 0 eng d
024 _a28,825
037 _cTextual
040 _aARTS
_cARTS
_beng
041 _2eng
_aeng
082 _aO111,3M12,P, H8;K9
100 _aDickens Charles
_911511
245 0 _aPickwick papers
260 _aLondon
_bLongman and Grees
_c1969
300 _avi,139p. illus
_ccm.
490 _aLongmans simplified english series
500 _aGlossary 139p
650 _aENGLISH LITERATURE
942 _hO111,3M12,P, H8;K9
_cTEXL
_2CC
999 _c166993
_d166993